Русско-немецкий словарь: около 53000 слов

Bibliographische Detailangaben
Weitere Verfasser: Лепинг Е. И. (редактор), Страховая Н. П., Лейн К., Эккерт Р.
Sprache:Russisch
Deutsch
Veröffentlicht: Москва, Русский язык, 1978
Ausgabe:8-е изд., стер.
Schlagworte:
Format: Buch
KOHA link:https://koha.lib.tpu.ru/cgi-bin/koha/opac-detail.pl?biblionumber=674483

MARC

LEADER 00000nam0a2200000 4500
001 674483
005 20240911161010.0
090 |a 674483 
100 |a 20240911d1978 km|y0rusy50 ca 
101 0 |a rus  |a ger 
102 |a RU 
105 |a y e 001yy 
181 0 |a i   |b  e  
182 0 |a n 
183 0 |a nc  |2 RDAcarrier 
200 1 |a Русско-немецкий словарь  |d Russisch-Deutsches Worterbuch  |e около 53000 слов  |f под ред. Е. И. Лепинг, Н. П. Страховой, К. Лейна, Р. Эккерта 
203 |a Текст  |b визуальный  |c непосредственный 
205 |a 8-е изд., стер. 
210 |a Москва  |c Русский язык  |d 1978 
215 |a 847 с. 
283 |a volume  |2 RDAcarrier 
320 |a Геогр. назв.: с. 827-834 
606 1 |a Немецкий язык  |x Лексикография  |x Словари  |9 64625 
610 1 |a русско-немецкие словари 
610 1 |a русский язык 
610 1 |a грамматика 
610 1 |a стилистика 
610 1 |a словосочетания 
686 |2 rubbk  |a Ш143.24-4 
702 1 |4 340  |a Лепинг  |b Е. И. 
702 1 |4 340  |a Страховая  |b Н. П. 
702 1 |4 340  |a Лейн  |b К. 
702 1 |4 340  |a Эккерт  |b Р. 
801 0 |a RU  |b 63413507  |c 20240911 
830 |a Ретро2024Каталогизация Кузнецова 
850 |a 63413507 
942 |c BK